| 000 | 01406nam a2200301 a 4500 | ||
|---|---|---|---|
| 003 | BLK | ||
| 005 | 20231030123517.0 | ||
| 008 | 201105b bu ||||| |||| 00| 0 bu d | ||
| 040 | _aBLK | ||
| 041 |
_aFRE _cFRE |
||
| 080 |
_aСредновековна и нова обща история _b94 _x(100) _z94(100) |
||
| 100 |
_91299 _aMarechal, E. _eпърви автор |
||
| 245 |
_aHistoire contemporaine de 1789 a nos jours _cE. Marechal |
||
| 250 | _a12. ed. | ||
| 260 |
_9435974 _aParis _bMaison Jules Delalain et Fils _c1887 |
||
| 300 |
_a1183 с. _c17 см |
||
| 380 | _a9 | ||
| 490 |
_9435080 _aКолекция Редки и ценни издания |
||
| 490 |
_9435931 _aЛична библиотека на Захари Стоянов _v15 |
||
| 500 | _aДатирана: 27.І.936 г. № 176. Подчертавания в текста | ||
| 650 | 0 |
_9246041 _aИстория, нова |
|
| 852 |
_aРф 887 ЗСт _bРц |
||
| 856 |
_fСъдържание _lreg users access _qjpg _uhttp://185.138.176.146:18082/cgi-bin/koha/opac-retrieve-file.pl?id=5fba7a9c7d8fa23be6707446efa454f7 _xpicjpg _zСъдържание 1 |
||
| 856 |
_fСъдържание _lreg users access _qjpg _uhttp://185.138.176.146:18082/cgi-bin/koha/opac-retrieve-file.pl?id=10acba1ba7c208f69d92efae4dcef26b _xpicjpg _zСъдържание 2 |
||
| 942 |
_cKNG _n0 _s1 |
||
| 944 |
_aCR _c2020-11-05 _k30542 _lРусанова Ирена |
||
| 999 |
_c391344 _d391344 |
||
| 999 | _d391344 | ||